Visions of paradise

Bibliographic Details
Main Author: SCHINZ, Marina
Format: Book
Published: London : Thames and Hudson , 1985
Subjects:

MARC

LEADER 00000cam a2200000 7i4500
001 0000004838
002 000005214
005 20000330.0
020 |a 0500973229 
090 0 0 |a 712.6   |b SCH 
100 1 |a SCHINZ, Marina 
245 1 0 |a Visions of paradise   |c Marina Schina 
260 |a London :   |b Thames and Hudson ,   |c 1985 
300 |a 271p. ;   |c 31cm. 
650 0 0 |a Gardens   |x Design 
999 |a 033486   |b BUKU   |c PINJAMAN   |e PERPUSTAKAAN KOMUNITI PETALING JAYA